000 00552nam a2200181Ia 4500
003 GCL
008 140319s9999 xx 000 0 eng d
040 _aGCL /
_cGCL
082 0 4 _a651.37403
_bB D
100 1 _aBADAWI, ZAKI
245 1 0 _aDICTIONARY OF SECRETARIAL PRACTICE AND OFFICE MANAGEMENT: ENGLISH - FRENCH - ARABIC /
_cBADAWI, ZAKI
260 _a[S.N] :
_bDAR AL - KITAB AL - MASRI ،
_c1991
300 _a317 P
650 0 4 _aMANAGEMENT
650 0 4 _aOFFICE MANAGEMENT - DICTIONARY
650 0 4 _aSECRETARIES - DICTIONARY
942 _2ddc
_cBK
999 _c15786
_d15786